Siliconnections coming of age in the electronic era
Đã lưu trong:
| 主要作者: | |
|---|---|
| 格式: | 图书 |
| 语言: | Undetermined |
| 出版: |
New York
McGraw - Hill
1986
|
| 主题: | |
| 标签: |
添加标签
没有标签, 成为第一个标记此记录!
|
| Thư viện lưu trữ: | Trung tâm Học liệu Trường Đại học Cần Thơ |
|---|
| LEADER | 00532nam a2200193Ia 4500 | ||
|---|---|---|---|
| 001 | CTU_82683 | ||
| 008 | 210402s9999 xx 000 0 und d | ||
| 082 | |a 621.381 | ||
| 082 | |b M658 | ||
| 100 | |a Mims, Forrest M. | ||
| 245 | 0 | |a Siliconnections coming of age in the electronic era | |
| 245 | 0 | |c Forrest M. Mims | |
| 260 | |a New York | ||
| 260 | |b McGraw - Hill | ||
| 260 | |c 1986 | ||
| 650 | |a Microelectronics | ||
| 650 | |x Popular works | ||
| 904 | |i QHieu(sửa) | ||
| 980 | |a Trung tâm Học liệu Trường Đại học Cần Thơ | ||